পরানীতিবিদ্যায় নৈতিক প্রকৃতিবাদ : (Record no. 103550)
[ view plain ]
| 000 -LEADER | |
|---|---|
| fixed length control field | 00855nam a22001937a 4500 |
| 003 - CONTROL NUMBER IDENTIFIER | |
| control field | BD-ChCU |
| 005 - DATE AND TIME OF LATEST TRANSACTION | |
| control field | 20240114143223.0 |
| 008 - FIXED-LENGTH DATA ELEMENTS--GENERAL INFORMATION | |
| fixed length control field | 240114b bg ||||| |||| 00| 0 ben d |
| 020 ## - INTERNATIONAL STANDARD BOOK NUMBER | |
| International Standard Book Number | 9789849047872 |
| 040 ## - CATALOGING SOURCE | |
| Transcribing agency | BD-ChCU |
| 082 ## - DEWEY DECIMAL CLASSIFICATION NUMBER | |
| Edition number | 22 |
| Classification number | ১৭১.২ আলী ৪৫ প |
| 100 ## - MAIN ENTRY--PERSONAL NAME | |
| Personal name | আলী, মো: কোরবান |
| 9 (RLIN) | 3978 |
| 245 ## - TITLE STATEMENT | |
| Title | পরানীতিবিদ্যায় নৈতিক প্রকৃতিবাদ : |
| Remainder of title | স্বরুপ ও বিকাশ / |
| Statement of responsibility, etc. | মো: কোরবান আলী |
| 260 ## - PUBLICATION, DISTRIBUTION, ETC. | |
| Place of publication, distribution, etc. | চট্টগ্রাম : |
| Name of publisher, distributor, etc. | মনন প্রকাশন, |
| Date of publication, distribution, etc. | c২০২১ |
| 300 ## - PHYSICAL DESCRIPTION | |
| Extent | ১৮৪পৃ. : |
| Dimensions | 22 cm. |
| 504 ## - BIBLIOGRAPHY, ETC. NOTE | |
| Bibliography, etc. note | includes bibliographical references and index |
| 650 #0 - SUBJECT ADDED ENTRY--TOPICAL TERM | |
| Topical term or geographic name entry element | দর্শন - নৈতিক প্রকৃতিবাদ দর্শন |
| 9 (RLIN) | 3979 |
| 942 ## - ADDED ENTRY ELEMENTS (KOHA) | |
| Source of classification or shelving scheme | Dewey Decimal Classification |
| Koha item type | Books |
| Suppress in OPAC | No |
| Withdrawn status | Lost status | Source of classification or shelving scheme | Damaged status | Not for loan | Home library | Current library | Date acquired | Source of acquisition | Total Checkouts | Full call number | Barcode | Date last seen | Copy number | Price effective from | Koha item type | Shelving location |
|---|---|---|---|---|---|---|---|---|---|---|---|---|---|---|---|---|
| Dewey Decimal Classification | Chittagong University Library | Chittagong University Library | 01/14/2024 | ক্রয়কৃত | ১৭১.২ আলী ৪৫ প | 318860 | 01/14/2024 | ক-১ | 01/14/2024 | Books | ||||||
| Dewey Decimal Classification | Chittagong University Library | Chittagong University Library | 01/14/2024 | ক্রয়কৃত | ১৭১.২ আলী ৪৫ প | 318861 | 01/14/2024 | ক-২ | 01/14/2024 | Books | ||||||
| Dewey Decimal Classification | Chittagong University Library | Chittagong University Library | 04/22/2026 | purchase | ১৭১.২ আলী ৪৫ প | 334854 | 04/22/2026 | ক-৩ | 04/22/2026 | Books | Arts and Humanities Reading Room | |||||
| Dewey Decimal Classification | Chittagong University Library | Chittagong University Library | 04/22/2026 | purchase | ১৭১.২ আলী ৪৫ প | 334855 | 04/22/2026 | ক-৪ | 04/22/2026 | Books | Arts and Humanities Reading Room | |||||
| Dewey Decimal Classification | Chittagong University Library | Chittagong University Library | 04/22/2026 | purchase১৭১.২ আলী ৪৫ প | ১৭১.২ আলী ৪৫ প | 334856 | 04/22/2026 | ক-৫ | 04/22/2026 | Books | Arts and Humanities Reading Room |